000
00254nam a2200109Ia 4500
008
190914s9999||||xx |||||||||||||| ||und||
100
_a
Donald.Lehmann
245
0
_a
Product Management
260
_a
New York
_b
Addison
_c
2000
300
_a
701
942
_c
BK
999
_c
8937
_d
8937